Successful sales / (Record no. 190)
[ view plain ]
| 000 -LEADER | |
|---|---|
| fixed length control field | 00873nam a2200313 a 4500 |
| 001 - CONTROL NUMBER | |
| control field | 190 |
| 003 - CONTROL NUMBER IDENTIFIER | |
| rucl marc code | BD-RjUL |
| 005 - DATE AND TIME OF LATEST TRANSACTION | |
| control field | 20211208233128.0 |
| 008 - FIXED-LENGTH DATA ELEMENTS--GENERAL INFORMATION | |
| fixed length control field | 150131s2011 xna 001 0 eng |
| 020 ## - INTERNATIONAL STANDARD BOOK NUMBER | |
| International Standard Book Number | 9788184952391 |
| International Standard Book Number | 9780980751628 (pbk) |
| 035 ## - SYSTEM CONTROL NUMBER | |
| System control number | (BD-RjUL)203 |
| 040 ## - CATALOGING SOURCE | |
| Original cataloging agency | ANL |
| Language of cataloging | eng |
| Transcribing agency | ANL |
| Modifying agency | NJB |
| -- | ANL |
| -- | BD-RjUL |
| 041 ## - LANGUAGE CODE | |
| Language code of text/sound track or separate title | eng |
| 082 04 - DEWEY DECIMAL CLASSIFICATION NUMBER | |
| Classification number | 658.81 |
| Edition number | 22 |
| Author mark and year | ROS 2011 |
| 100 1# - MAIN ENTRY--PERSONAL NAME | |
| Personal name | Rowson, Pauline. |
| 9 (RLIN) | 115604 |
| 245 10 - TITLE STATEMENT | |
| Title | Successful sales / |
| Statement of responsibility, etc. | Pauline Rowson. |
| 246 34 - VARYING FORM OF TITLE | |
| Title proper/short title | Successful sales : |
| Remainder of title | get brilliant results fast |
| Title proper/short title | Sales |
| 260 ## - PUBLICATION, DISTRIBUTION, ETC. (IMPRINT) | |
| Place of publication, distribution, etc. | Sydney, N.S.W. : |
| Name of publisher, distributor, etc. | Crimson, |
| Date of publication, distribution, etc. | 2011. |
| 300 ## - PHYSICAL DESCRIPTION | |
| Pagination | 183 p. ; |
| Size | 22 cm. |
| 490 1# - SERIES STATEMENT | |
| Series statement | Successful |
| 500 ## - GENERAL NOTE | |
| General note | Includes index. |
| 650 #0 - SUBJECT ADDED ENTRY--TOPICAL TERM | |
| Topical term or geographic name as entry element | Sales management. |
| 9 (RLIN) | 115605 |
| Topical term or geographic name as entry element | Success in business. |
| 9 (RLIN) | 115606 |
| Topical term or geographic name as entry element | Marketing. |
| 9 (RLIN) | 115607 |
| 830 #0 - SERIES ADDED ENTRY--UNIFORM TITLE | |
| Uniform title | Successful. |
| 942 ## - ADDED ENTRY ELEMENTS (KOHA) | |
| Source of classification or shelving scheme | Dewey Decimal Classification |
| Koha item type | Books |
| Lost status | Source of classification or shelving scheme | Damaged status | Not for loan | Collection code | Permanent Location | Current Location | Shelving location | Date acquired | Source of acquisition | Cost, normal purchase price | Total Checkouts | Full call number | Date last seen | Copy number | Koha item type |
|---|---|---|---|---|---|---|---|---|---|---|---|---|---|---|---|
| Dewey Decimal Classification | Not For Loan | Non-fiction | Central Library, University of Rajshahi | Central Library, University of Rajshahi | Reading Room | 23/07/2014 | Chittagong, Battighar | 475.00 | 658.81 ROS 2011 | 31/01/2015 | C-1 | Books |